Countries of the World Quiz but it's a-z - Statistics

General Stats
  • This quiz has been taken 288 times
  • The average score is 51 of 196
Answers on the Map
Answers color-coded by a green-red scale on the quiz's map according to % correct below.
 
Answer Stats
Country % Correct
Albania
98%
Andorra
90%
Austria
73%
Belgium
72%
Belarus
70%
Bosnia and Herzegovina
69%
Bulgaria
69%
Denmark
64%
Croatia
63%
Czech Republic
62%
Estonia
62%
Finland
60%
France
59%
Germany
58%
Greece
58%
Hungary
58%
Iceland
56%
Ireland
55%
Italy
54%
Latvia
54%
Lithuania
54%
Kosovo
53%
Liechtenstein
53%
Malta
53%
Moldova
53%
Afghanistan
52%
Luxembourg
52%
Vatican City
52%
Monaco
50%
North Macedonia
50%
Armenia
49%
Montenegro
49%
Netherlands
49%
Norway
49%
Poland
49%
Portugal
49%
United Kingdom
49%
Azerbaijan
46%
Romania
46%
Serbia
45%
Slovakia
45%
Slovenia
45%
Ukraine
45%
Russia
43%
San Marino
43%
Spain
43%
Sweden
42%
Switzerland
42%
Bahrain
39%
Bangladesh
38%
China
37%
Bhutan
36%
Algeria
35%
Brunei
33%
Cambodia
32%
Angola
31%
Argentina
31%
Australia
31%
Antigua and Barbuda
29%
Brazil
29%
Cyprus
29%
Bolivia
27%
Chile
27%
Colombia
27%
Ecuador
26%
Fiji
26%
Guyana
26%
Venezuela
26%
Bahamas
25%
Barbados
25%
Uruguay
25%
Canada
24%
Paraguay
24%
Peru
24%
Suriname
24%
Tuvalu
24%
Vanuatu
24%
Botswana
23%
Burundi
22%
Federated States of Micronesia
22%
India
22%
Kiribati
22%
New Zealand
22%
Belize
21%
Benin
21%
Burkina Faso
21%
Costa Rica
21%
Dominica
21%
Dominican Republic
21%
El Salvador
21%
Marshall Islands
21%
Papua New Guinea
21%
Samoa
21%
Solomon Islands
21%
Tonga
21%
Cuba
20%
East Timor
20%
Georgia
20%
Grenada
20%
Honduras
20%
Indonesia
20%
Iran
20%
Iraq
20%
Nauru
20%
United States
20%
Guatemala
19%
Haiti
19%
Jamaica
19%
Mexico
19%
Palau
19%
Saint Kitts and Nevis
19%
Cameroon
18%
Israel
18%
Nicaragua
18%
Panama
18%
Saint Lucia
18%
Saint Vincent and the Grenadines
18%
Yemen
18%
Japan
17%
Laos
17%
Trinidad and Tobago
17%
Central African Republic
16%
Chad
16%
Comoros
16%
Jordan
16%
Kazakhstan
16%
Kuwait
16%
Kyrgyzstan
16%
Lebanon
15%
Malaysia
15%
Mongolia
15%
Nepal
15%
Zimbabwe
15%
Cape Verde
14%
Maldives
14%
Myanmar
14%
United Arab Emirates
14%
Uzbekistan
14%
Zambia
14%
Democratic Republic of the Congo
13%
North Korea
13%
Oman
13%
Pakistan
13%
Qatar
13%
Turkmenistan
13%
Vietnam
13%
Djibouti
12%
Eritrea
12%
Philippines
12%
Sri Lanka
12%
Syria
12%
Taiwan
12%
Tajikistan
12%
Turkey
12%
Egypt
11%
Gambia
11%
Ghana
11%
Saudi Arabia
11%
South Korea
11%
Thailand
11%
Equatorial Guinea
10%
Eswatini
10%
Ethiopia
10%
Gabon
10%
Guinea
10%
Singapore
10%
Guinea-Bissau
9%
Kenya
7%
Rwanda
7%
Uganda
7%
Ivory Coast
6%
Lesotho
6%
Liberia
6%
Libya
5%
Madagascar
5%
Malawi
5%
Mali
5%
Mauritania
5%
Mauritius
5%
Morocco
5%
Mozambique
5%
Namibia
5%
Niger
5%
Nigeria
5%
Republic of the Congo
5%
São Tomé and Príncipe
5%
Senegal
5%
South Africa
5%
South Sudan
5%
Sudan
5%
Tunisia
5%
Seychelles
4%
Sierra Leone
4%
Somalia
4%
Tanzania
4%
Togo
4%
No matching quizzes found
Score Distribution
Percent of People with Each Score
Percentile by Number Answered
Your Score History
You have not taken this quiz